<?xml version="1.0" encoding="UTF-8"?>
<record
    xmlns:xsi="http://www.w3.org/2001/XMLSchema-instance"
    xsi:schemaLocation="http://www.loc.gov/MARC21/slim http://www.loc.gov/standards/marcxml/schema/MARC21slim.xsd"
    xmlns="http://www.loc.gov/MARC21/slim">

  <leader>02528nam a2200265Ia 4500</leader>
  <controlfield tag="003">OSt</controlfield>
  <controlfield tag="005">20210818144221.0</controlfield>
  <controlfield tag="008">210310s1998    xx ad  fr     000 0dspa d</controlfield>
  <datafield tag="020" ind1=" " ind2=" ">
    <subfield code="a">9586950050</subfield>
  </datafield>
  <datafield tag="040" ind1=" " ind2=" ">
    <subfield code="a">CO-JMCR</subfield>
    <subfield code="c">CO-JMCR</subfield>
  </datafield>
  <datafield tag="041" ind1="0" ind2=" ">
    <subfield code="a">spa</subfield>
  </datafield>
  <datafield tag="082" ind1="0" ind2="4">
    <subfield code="a">339.52 /</subfield>
    <subfield code="b">C617p</subfield>
    <subfield code="2">23</subfield>
  </datafield>
  <datafield tag="100" ind1="1" ind2=" ">
    <subfield code="a">Clavijo Vergara, Sergio, </subfield>
    <subfield code="9">17091</subfield>
    <subfield code="e">autor</subfield>
  </datafield>
  <datafield tag="245" ind1="1" ind2="0">
    <subfield code="a">Pol&#xED;tica fiscal y Estado en Colombia / </subfield>
    <subfield code="c">Sergio Clavijo</subfield>
  </datafield>
  <datafield tag="250" ind1=" " ind2=" ">
    <subfield code="a">Primera edici&#xF3;n</subfield>
  </datafield>
  <datafield tag="260" ind1=" " ind2=" ">
    <subfield code="a">Bogot&#xE1; : </subfield>
    <subfield code="b">Banco de la Rep&#xFA;blica : Universidad de los Andes, </subfield>
    <subfield code="c">1998</subfield>
  </datafield>
  <datafield tag="300" ind1=" " ind2=" ">
    <subfield code="a">xxx, 529 p&#xE1;ginas : </subfield>
    <subfield code="b">ilustraciones y gr&#xE1;ficas a blanco y negro ; </subfield>
    <subfield code="c">24 cm.</subfield>
  </datafield>
  <datafield tag="500" ind1=" " ind2=" ">
    <subfield code="a">Incluye datos biogr&#xE1;ficos del autor.</subfield>
  </datafield>
  <datafield tag="504" ind1=" " ind2=" ">
    <subfield code="a">Bibliograf&#xED;a al final de cada cap&#xED;tulo.</subfield>
  </datafield>
  <datafield tag="505" ind1="0" ind2=" ">
    <subfield code="a">Funciones estatales: bases conceptuales y realidades hist&#xF3;ricas en Colombia -- Evoluci&#xF3;n de los impuestos, del gasto y del ahorro p&#xFA;blico --  El proceso de descentralizaci&#xF3;n del gasto p&#xFA;blico -- Evoluci&#xF3;n de la financiaci&#xF3;n y alcances de la educaci&#xF3;n p&#xFA;blica -- Evoluci&#xF3;n de la financiaci&#xF3;n y alcances de la salud p&#xFA;blica -- El gasto social e indicadores de progreso humano -- La fuerza p&#xFA;blica, el conflicto interno y sus costos fiscales -- La justicia en Colombia, su desempe&#xF1;o y sus costos fiscales -- La reforma y la incidencia fiscal del pasivo pensional -- Proyecciones fiscales para el periodo 1998-2002 y s&#xED;ntesis hist&#xF3;rica 1990-2002</subfield>
  </datafield>
  <datafield tag="520" ind1="3" ind2=" ">
    <subfield code="a">Estudiar el Estado colombiano era, hasta hace solo unas cinco d&#xE9;cadas, aventurarse a descifrar la relaci&#xF3;n entre el poder y la gram&#xE1;tica. Sin embargo, el pa&#xED;s econ&#xF3;mico fue avanzando lentamente hasta llegar a entender que no era posible gobernar con versos; que era necesaria la econometr&#xED;a, la regulaci&#xF3;n econ&#xF3;mica, la visi&#xF3;n macro-social.
Pol&#xED;tica Fiscal y Estado en Colombia se presenta como un libro de car&#xE1;cter did&#xE1;ctico, escrito para no-especialistas, con una visi&#xF3;n hist&#xF3;rica que provee un panorama sobre la estructuraci&#xF3;n del sector p&#xFA;blico colombiano, tanto en t&#xE9;rminos de funcionamiento actual como de los grandes cambios que implic&#xF3; la constituci&#xF3;n de 1991. Presenta a su vez, los arreglos institucionales que han gobernado el funcionamiento de &#xE1;reas tan vitales como la educaci&#xF3;n, la salud, la justicia, la fuerza p&#xFA;blica y se pregunta sobre la coherencia de estos arreglos, a la luz de la profundizaci&#xF3;n de la descentralizaci&#xF3;n pol&#xED;tica y fiscal del pa&#xED;s.</subfield>
  </datafield>
  <datafield tag="650" ind1="1" ind2="4">
    <subfield code="a">Pol&#xED;tica fiscal</subfield>
    <subfield code="9">17123</subfield>
    <subfield code="z">Colombia</subfield>
  </datafield>
  <datafield tag="650" ind1="2" ind2="4">
    <subfield code="a">Gastos p&#xFA;blicos</subfield>
    <subfield code="z">Colombia</subfield>
    <subfield code="9">6959</subfield>
  </datafield>
  <datafield tag="942" ind1=" " ind2=" ">
    <subfield code="2">ddc</subfield>
    <subfield code="c">BK</subfield>
  </datafield>
  <datafield tag="999" ind1=" " ind2=" ">
    <subfield code="c">8387</subfield>
    <subfield code="d">8387</subfield>
  </datafield>
  <datafield tag="952" ind1=" " ind2=" ">
    <subfield code="0">0</subfield>
    <subfield code="1">0</subfield>
    <subfield code="2">ddc</subfield>
    <subfield code="4">0</subfield>
    <subfield code="7">0</subfield>
    <subfield code="8">NFIC</subfield>
    <subfield code="a">CPL</subfield>
    <subfield code="b">CPL</subfield>
    <subfield code="d">2018-04-15</subfield>
    <subfield code="e">Donaci&#xF3;n</subfield>
    <subfield code="o">339.52 / C617p</subfield>
    <subfield code="p">430006314</subfield>
    <subfield code="r">2024-05-16 00:00:00</subfield>
    <subfield code="t">Ej.1</subfield>
    <subfield code="y">BK</subfield>
  </datafield>
</record>
